Conocimiento y dominio de la memoria

Saved in:
Bibliografiske detaljer
Hovedforfatter: Chauchard, Paul (Author)
Format: Bog
Sprog:spansk
Udgivet: Bilbao Mensajero 1971
Serier:Comprender-Saber-Actuar
Fag:
Tags: Tilføj Tag
Ingen Tags, Vær først til at tagge denne postø!

MARC

LEADER 00000nam a2200000 a 4500
001 UCJ8928
003 CL-VaPUC
008 070126e19710000SP |||||||||||||||||spa|d
082 0 4 |a 153.12  |b CHA  |2 21 
100 0 |a Chauchard, Paul  |e author  |9 518737 
245 1 0 |a Conocimiento y dominio de la memoria 
300 |a 253 p 
942 |c BK 
945 |d 20070126 00:00:00  |a cmena 
260 |a Bilbao  |b Mensajero  |c 1971 
500 |a Donación de la Dra. Marianne Peronard Thierry 
650 0 |a Memoria  |9 266549 
650 0 |a Procesos mentales superiores  |9 330839 
650 0 |a Mnemotecnia  |9 310301 
650 0 |a Cognición   |9 270347 
583 |a last modification  |c 20070126 00:00:00  |k Rodrigo Vera 
490 0 |a Comprender-Saber-Actuar 
999 |c 324572  |d 324570 
952 |0 0  |1 0  |4 0  |6 153_120000000000000_CHA_1971  |7 0  |8 A  |9 404837  |a FDOPOS  |b FDOPOS  |d 2019-11-22  |i 4318919  |o 153.12 CHA 1971  |p 4318919  |r 2025-01-22  |w 2019-11-22  |y BK  |k MLA